000 00562nam a22002297a 4500
003 UA-OsUOA
001 34973
007 ta
008 20051103b un ||||| |||| 00| 0 ukr d
090 _a808.3
_bС48
942 _cBK
040 _aUA-OsUOA
_brus
_cUA-OsUOA
_dUA-OsUOA
245 _aСловарь украънськоъ мови
300 _a506 с.
955 _a2
041 _arus
080 _a808.3
020 _a5-7707-8738-4
260 _aК.
_bЛексикон
_c1909
650 7 _a808.3 Українська мова
_2UDC
999 _c315661
_d315661